Joueurs sur les covers FIFA depuis 1993 - Statistiques

Statistiques générales
  • Ce quiz a été pris 33 fois
  • Le résultat moyen est 11 sur 50
Statistiques - réponses
Jeux Joueurs sur la cover % Correct
FC26 Jude Bellingham
90%
FIFA 19 Cristiano Ronaldo
76%
FIFA 18 Cristiano Ronaldo
72%
FIFA 22 Kylian Mbappé
72%
FIFA 16 Lionel Messi
72%
FIFA 15 Lionel Messi
72%
FIFA 23 Kylian Mbappé
69%
FIFA 21 Kylian Mbappé
69%
FIFA 14 Lionel Messi
69%
FIFA 13 Lionel Messi
69%
FIFA 17 Marco Reus
69%
FIFA 20 Eden Hazard
62%
FC25 Jude Bellingham
52%
FC24 Erling Haaland
48%
FC26 Jamal Musiala
41%
FIFA 12 Wayne Rooney
21%
FIFA 09 Ronaldinho
14%
FIFA 2004 Thierry Henry
14%
FIFA 11 Wayne Rooney
10%
FIFA 2003 Edgar Davids
3%
FIFA 12 Kaká
3%
FIFA 11 Kaká
3%
FIFA 08 Ronaldinho
3%
FIFA 2002 Thierry Henry
3%
FIFA 10 Wayne Rooney
3%
FIFA 09 Wayne Rooney
3%
FIFA 08 Wayne Rooney
3%
FIFA 07 Wayne Rooney
3%
FIFA 06 Wayne Rooney
3%
FIFA 2004 Alessandro Del Piero
0%
FIFA 2005 Andriy Shevchenko
0%
FIFA 96 Andy Legg
0%
FIFA 98 David Beckham
0%
FIFA 97 David Ginola
0%
FIFA 93 David Platt
0%
FIFA 99 Dennis Bergkamp
0%
FIFA 95 Erik Thorstvedt
0%
FIFA 2005 Fernando Morientes
0%
FIFA 10 Frank Lampard
0%
FIFA 96 Ioan Sabau
0%
FIFA 2005 Patrick Vieira
0%
FIFA 2001 Paul Scholes
0%
FIFA 93 Piotr Swierczewski
0%
FIFA 2003 Roberto Carlos
0%
FIFA 07 Ronaldinho
0%
FIFA 06 Ronaldinho
0%
FIFA 2004 Ronaldinho
0%
FIFA 2003 Ryan Giggs
0%
FIFA 2000 Sol Campbell
0%
FIFA 10 Theo Walcott
0%
Aucun quiz correspondant
Distribution des résultats
% des personnes avec chaque résultat
Percentile par nombre de réponses
Votre historique - résultats
Vous n’avez pas pris ce quiz